000
00487nam a2200181Ia 4500
008
100917s9999 xx 000 0 und d
082
_b
24905
100
_a
काळे व. पु.
245
_a
वन फॉर द रोड
260
_b
मेनका प्रकाशन
_c
1975
300
_a
149
365
_b
10
520
_a
कथा
630
_a
वन फॉर द रोड
650
_a
कथा
730
_a
वन फॉर द रोड
942
_c
BOOK
999
_c
630299
_d
630296